000 00472cam a2200181ua 4500
020 _c3.00
041 _amal
_h
082 _a894.81280355
_bRAG/EN
100 _aRaghavan Pillai, K .
245 _aEnte London jeevitham /
_cK Raghavan Pillai.
_hTextual Documents
260 _aKottayam :
_bSahitya Pravarthaka Co-operative Society ,
_c1965.
300 _a206 ; .
365 _a3.00
504 _a
942 _cBK
999 _c6035
_d6035